Έρωτας είναι, θα περάσει...
Αποθηκεύτηκε σε:
| Κύριος συγγραφέας: | |
|---|---|
| Μορφή: | Βιβλίο |
| Γλώσσα: | English |
| Δημοσίευση: |
Αθήνα :
Κέδρος,
c1999.
|
| Έκδοση: | 14η έκδ. |
| Θέματα: | |
| Ετικέτες: |
Προσθήκη ετικέτας
Δεν υπάρχουν, Καταχωρήστε ετικέτα πρώτοι!
|
MARC
| LEADER | 00000cam a2200000 i 4500 | ||
|---|---|---|---|
| 001 | 1/98280 | ||
| 008 | 000118s1999 gr | ||| |||| ||eng|| | ||
| 020 | |a 9600416370 | ||
| 035 | |l 10056456 | ||
| 040 | |a GR-MyUa |b gre |c GR-MyUa |e AACR2 | ||
| 041 | 0 | |a eng | |
| 082 | 0 | |a 889.3 | |
| 100 | 1 | |a Δόμβρου, Σάντρα, |d 1969- | |
| 245 | 1 | 0 | |a Έρωτας είναι, θα περάσει... / |c Σάντρα Δόμβρου. |
| 250 | |a 14η έκδ. | ||
| 260 | |a Αθήνα : |b Κέδρος, |c c1999. | ||
| 300 | |a 166 σ. ; |c 20 εκ. | ||
| 650 | 0 | 0 | |a Greek fiction, Modern. |
| 650 | 0 | 0 | |a Greek literature, Modern. |
| 852 | |a INST |b CHIOS |e 20000118 |h 889.3 ΔΟΜ |p 005200018883 |q 005200018883 |t BK |y 0 | ||
| 852 | |a INST |b LESVOS |e 20000118 |h 889.38 ΔΟΜ |p 005100022173 |q 005100022173 |t BK |y 0 | ||
| 852 | |a INST |b SAMOS |e 20200213 |h 889.3 ΔΟΜ |p 005300046323 |q 005300046323 |t BK |y 0 | ||
| 901 | |a BIBL1-2000-1 | ||
| 901 | |a BIBL2-2000-2 | ||
| 909 | |a Λ |b 073076 | ||
| 909 | |a Χ |b 073085 | ||
| 922 | |a 1ΕΛΗ |b 199929 |c ΤΑΚ/ΚΥΒ |d ΠΑΠΑΣΩΤΗΡΙΟΥ | ||
| 922 | |a 2ΕΛΗ |b 200001 |c ΤΔΕ |d ΠΑΠΑΣΩΤΗΡΙΟΥ | ||
| 950 | |a 023-1999-11-29 | ||
| 970 | |a ΤΖΑΦΕΡΗ |b ΕΥΑΓΓΕΛΙΑ |z 2000/01/18 | ||
| 970 | |z 2000/09/LITSA | ||